Đánh giá hiệu quả của phân hữu cơ và Biochar đến sự thay đổi một số đặc tính lý - hóa học đất, vi sinh vật đất và năng suất bắp lai : Luận văn tốt nghiệp Cao học. Chuyên ngành Khoa học đất

Đánh giá hiệu quả của phân hữu cơ và biochar đến sự thay đổi một số đặc tính lý - hóa học đất và vi sinh vật đất, tác động phân hữu cơ và biochar đến sự gia tăng năng suất của cây bắp lai trồng trên đất phù sa.....

Descrizione completa

Salvato in:
Dettagli Bibliografici
Autore principale: Võ, Thùy Dương
Natura: Libro
Lingua:Undetermined
Pubblicazione: Cần Thơ Trường Đại học Cần Thơ 2017
Soggetti:
Tags: Aggiungi Tag
Nessun Tag, puoi essere il primo ad aggiungerne! !
Thư viện lưu trữ: Trung tâm Học liệu Trường Đại học Cần Thơ
LEADER 01244nam a2200205Ia 4500
001 CTU_224352
008 210402s9999 xx 000 0 und d
082 |a 631.86 
082 |b D561 
088 |a 60340102 
100 |a Võ, Thùy Dương 
245 0 |a Đánh giá hiệu quả của phân hữu cơ và Biochar đến sự thay đổi một số đặc tính lý - hóa học đất, vi sinh vật đất và năng suất bắp lai : 
245 0 |b Luận văn tốt nghiệp Cao học. Chuyên ngành Khoa học đất 
245 0 |c Võ Thùy Dương ; Tất Anh Thư (Cán bộ hướng dẫn) 
260 |a Cần Thơ 
260 |b Trường Đại học Cần Thơ 
260 |c 2017 
520 |a Đánh giá hiệu quả của phân hữu cơ và biochar đến sự thay đổi một số đặc tính lý - hóa học đất và vi sinh vật đất, tác động phân hữu cơ và biochar đến sự gia tăng năng suất của cây bắp lai trồng trên đất phù sa.. 
650 |a Organic fertilizers,Phân bón hữu cơ 
980 |a Trung tâm Học liệu Trường Đại học Cần Thơ